[Event "34th Chess Olympiad (men)"]
[Site "Istanbul"]
[Date "2000.11.08"]
[Round "11.19.4"]
[White "Perez, Rodney"]
[Black "El Arousy Abdul, Hameed"]
[WhiteElo "2478"]
[BlackElo "2363"]
[WhiteCountry "CUB"]
[BlackCountry "EGY"]
[Result "1-0"]

1. e4 e6 2. d4 d5 3. Nc3 Nf6 4. Bg5 Bb4 5. e5 h6 6. Bd2 Bxc3 7. bxc3 Ne4 
8. Qg4 g6 9. Bd3 Nxd2 10. Kxd2 c5 11. Nf3 Qe7 12. Rhe1 Bd7 13. dxc5 Bc6 
14. h4 Nd7 15. Nd4 Nxc5 16. Rab1 Bd7 17. Rb4 O-O-O 18. Reb1 Kc7 19. Nb3 b6 
20. Nxc5 Qxc5 21. Qd4 Bc6 22. Qxc5 bxc5 23. Rf4 Rhf8 24. h5 gxh5 25. Rf6 d4 
26. Rh1 dxc3+ 27. Kxc3 Bxg2 28. Rxh5 Bd5 29. a3 Kd7 30. Rhxh6 Ke7 31. Rh7 Ke8 
32. f4 c4 33. Be2 Be4 34. Rg7 Bf5 35. Bh5 Rd7 36. Kxc4 Rc7+ 37. Kb5 Rxc2 
38. Bxf7+ Kd8 39. Bh5 
1-0

[Event "34th Chess Olympiad (men)"]
[Site "Istanbul"]
[Date "2000.11.08"]
[Round "11.20.1"]
[White "Svetushkin, Dmitry"]
[Black "Rogers, Ian"]
[WhiteElo "2472"]
[BlackElo "2558"]
[WhiteCountry "MDA"]
[BlackCountry "AUS"]
[Result "1-0"]

1. e4 c5 2. Nf3 Nc6 3. d4 cxd4 4. Nxd4 g6 5. Nc3 Bg7 6. Be3 Nf6 7. Bc4 O-O 
8. Bb3 Qa5 9. f3 d6 10. Qd2 Bd7 11. O-O-O Rfc8 12. Kb1 Ne5 13. h4 Nc4 
14. Bxc4 Rxc4 15. Nb3 Qa6 16. Bd4 Rac8 17. h5 e5 18. Be3 Nxh5 19. Bh6 Bxh6 
20. Qxh6 Rxc3 21. bxc3 Nf6 22. Qd2 Rc6 23. g4 Be6 24. Qg5 Kg7 25. Qh6+ Kg8 
26. Qh4 Kg7 27. f4 Nxe4 28. Rd3 Bxb3 29. axb3 Qa3 30. Qxh7+ Kf8 31. fxe5 Ra6 
32. Qh8+ Ke7 33. exd6+ Kd7 34. Qe8+ Kxe8 35. d7+ Kd8 36. Rh8+ Kc7 37. Rc8+ 
1-0

[Event "34th Chess Olympiad (men)"]
[Site "Istanbul"]
[Date "2000.11.08"]
[Round "11.20.2"]
[White "Johansen, Darryl K"]
[Black "Sanduleac, Vasile"]
[WhiteElo "2505"]
[BlackElo "2438"]
[WhiteCountry "AUS"]
[BlackCountry "MDA"]
[Result "1-0"]

1. c4 c6 2. Nf3 d5 3. d4 e6 4. Qc2 f5 5. Bf4 Nf6 6. e3 Be7 7. Nc3 O-O 
8. Bd3 Ne4 9. O-O Nd7 10. Ne5 Nxe5 11. Bxe5 Bf6 12. Bxf6 Nxf6 13. b4 Bd7 
14. Rab1 Qc7 15. f4 dxc4 16. Bxc4 Nd5 17. Qd2 Qd6 18. Ne2 b6 19. Nc1 a5 
20. bxa5 Rxa5 21. Nd3 Ra3 22. Bxd5 cxd5 23. Rfc1 Rfa8 24. Rb2 h6 25. Ne5 Kh7 
26. Rcc2 Be8 27. h3 Ba4 28. Rc3 Be8 29. Kf2 Rxc3 30. Qxc3 Ra3 31. Qc1 Qd8 
32. Kg1 Qa8 33. Qd2 Qd8 34. Kh2 Bh5 35. Rc2 Qa8 36. Qb4 Rxe3 37. Qxb6 Qa4 
38. Rd2 Qe8 39. Qd6 Be2 40. Rb2 Bf1 41. Nd7 Re2 42. Rxe2 Bxe2 43. Nf8+ Kg8 
44. Nxe6 Bc4 45. a4 Kf7 46. Nd8+ Kg8 47. a5 Kh7 48. Ne6 Qf7 49. Nc7 Qh5 
50. Qe7 Qg6 51. Ne6 
1-0

[Event "34th Chess Olympiad (men)"]
[Site "Istanbul"]
[Date "2000.11.08"]
[Round "11.20.4"]
[White "Zhao, Zong"]
[Black "Khruschiov, Alexey"]
[WhiteElo "2341"]
[BlackElo "2381"]
[WhiteCountry "AUS"]
[BlackCountry "MDA"]
[Result "0-1"]

1. e4 c5 2. Nf3 Nc6 3. d4 cxd4 4. Nxd4 Nf6 5. Nc3 e6 6. Ndb5 Bb4 7. a3 Bxc3+ 
8. Nxc3 d5 9. exd5 exd5 10. Bd3 O-O 11. O-O d4 12. Ne2 Re8 13. b4 Nd5 
14. Bb2 Bg4 15. Qd2 Bxe2 16. Bxe2 Nc3 17. Rae1 Qf6 18. Bf3 Rad8 19. Rxe8+ Rxe8 
20. Re1 Kf8 21. Rxe8+ Kxe8 22. Bxc3 dxc3 23. Qe3+ Kd7 24. Kf1 b6 25. Qd3+ Ke7 
26. Qe4+ Kd7 27. Ke2 Nd4+ 28. Kd3 Ne6 29. Kc4 Qh6 30. Qb7+ Nc7 31. Bg4+ Kd6 
32. Qc8 Qf4+ 33. Kb3 Ke7 34. Qd7+ Kf6 35. Qc6+ Kg5 36. Bf3 Ne6 37. Qxc3 Qxh2 
38. Bd5 Qd6 39. Qe3+ Kf6 40. c4 Qf4 41. Kc3 Qxe3+ 42. fxe3 h5 43. Kd3 Ke5 
44. Bf3 h4 45. e4 Ng5 46. Ke3 Nxf3 47. gxf3 g5 48. c5 bxc5 49. bxc5 a5 
50. a4 f6 51. Kf2 Ke6 52. Kg2 Kd7 53. Kh3 Kc6 54. f4 gxf4 55. Kxh4 Kxc5 
56. Kg4 Kb4 57. Kxf4 Kxa4 58. Kf5 Kb5 59. Kxf6 a4 60. e5 a3 61. e6 a2 
62. e7 a1=Q+ 63. Kf7 Qf1+ 64. Ke6 Qc4+ 65. Kd7 Qc6+ 66. Kd8 Qd6+ 67. Ke8 Kc6 
68. Kf7 Qf4+ 69. Ke6 Qc4+ 70. Kf6 Kd7 
0-1

[Event "34th Chess Olympiad (men)"]
[Site "Istanbul"]
[Date "2000.11.08"]
[Round "11.21.1"]
[White "Efimov, Igor"]
[Black "Galego, Luis"]
[WhiteElo "2520"]
[BlackElo "2419"]
[WhiteCountry "ITA"]
[BlackCountry "POR"]
[Result "1-0"]

1. d4 Nf6 2. c4 e6 3. Nf3 Bb4+ 4. Nbd2 d5 5. a3 Be7 6. g3 O-O 7. Bg2 dxc4 
8. Nxc4 c5 9. O-O cxd4 10. Nxd4 a6 11. b4 Qc7 12. Na5 e5 13. Qc2 Qxc2 
14. Nxc2 e4 15. Bb2 Nc6 16. Nxc6 bxc6 17. Nd4 Bd7 18. Rac1 Rfc8 19. Nb3 Be6 
20. Na5 Bd5 21. Bh3 Rcb8 22. Be5 Rb5 23. Rfd1 Bd8 24. Nxc6 Bxc6 25. Bxf6 Bxf6 
26. Rxc6 a5 27. Rc5 Rbb8 28. Rxa5 Rxa5 29. bxa5 Ra8 30. Rd5 g6 31. Bg2 Bc3 
32. Bxe4 Rxa5 33. Rxa5 Bxa5 34. Bd5 Kf8 35. Kf1 Ke7 36. e3 f6 37. Ke2 Kd6 
38. Bg8 h6 39. Bf7 g5 40. g4 Ke5 41. Bg6 Kd5 42. f4 gxf4 43. exf4 Kd4 
44. a4 Bc7 45. Kf3 Ba5 46. h4 Bd2 47. Bf7 Kd3 48. Bg8 Kd4 49. Be6 Kd3 
50. g5 fxg5 51. hxg5 hxg5 52. f5 Bc3 53. Kg4 Ke4 54. Kxg5 Ke5 55. Bb3 Ba5 
56. Kg6 Bd8 57. Bd1 Kd5 
1-0

[Event "34th Chess Olympiad (men)"]
[Site "Istanbul"]
[Date "2000.11.08"]
[Round "11.21.3"]
[White "Arlandi, Ennio"]
[Black "Frois, Antonio"]
[WhiteElo "2437"]
[BlackElo "2346"]
[WhiteCountry "ITA"]
[BlackCountry "POR"]
[Result "1/2-1/2"]

1. d4 d5 2. c4 e6 3. Nc3 c5 4. cxd5 exd5 5. Nf3 Nc6 6. g3 Nf6 7. Bg2 Be7 
8. O-O O-O 9. Bg5 cxd4 10. Nxd4 h6 11. Be3 Re8 12. a3 Be6 13. Qa4 Qd7 
14. Rfd1 a6 15. Nxc6 bxc6 16. Rac1 Qb7 17. Bd4 Bf5 18. Rd2 Rac8 19. e3 Nd7 
20. e4 dxe4 21. Re1 Nf6 22. Rde2 Red8 23. Nxe4 Nxe4 24. Bxe4 Be6 25. Bc3 Qb5 
26. Qc2 Bf8 27. Qc1 Qg5 28. Bd2 Qc5 29. Bc2 Qh5 30. Re5 Qh3 31. Be4 Bd5 
32. Ba5 Bxe4 33. R1xe4 Rd5 34. Qc4 Qd7 35. Qxa6 Rd1+ 36. Re1 Rb8 37. Rxd1 Qxd1+ 
38. Re1 Qa4 39. b4 Qxa3 40. Qxc6 Bxb4 41. Re8+ Rxe8 42. Qxe8+ Bf8 43. Bd2 Qe7 
1/2-1/2

[Event "34th Chess Olympiad (men)"]
[Site "Istanbul"]
[Date "2000.11.08"]
[Round "11.21.4"]
[White "Fernando, Diogo"]
[Black "Rossi, Carlo"]
[WhiteElo "2257"]
[BlackElo "2436"]
[WhiteCountry "POR"]
[BlackCountry "ITA"]
[Result "0-1"]

1. e4 c5 2. Nf3 Nc6 3. Bb5 g6 4. Bxc6 dxc6 5. d3 Bg7 6. Nc3 Nf6 7. Be3 Ng4 
8. Bxc5 Qa5 9. d4 b6 10. Ba3 Ba6 11. h3 c5 12. hxg4 cxd4 13. Bxe7 dxc3 
14. b4 Qb5 15. a4 Qc4 16. b5 Qxe4+ 17. Kf1 Qxe7 18. bxa6 O-O 19. Ne1 Rad8 
20. Nd3 Rd4 21. Rh3 Qd7 22. a5 b5 23. Qf3 Rb8 24. Nc5 Qc7 25. Nb3 Qc4+ 
26. Kg1 Re4 27. Qd3 Qxd3 28. Rxd3 Re6 29. Rad1 h6 30. Rd8+ Rxd8 31. Rxd8+ Bf8 
32. Kf1 Rxa6 33. Nc5 Rd6 34. Nd7 Kg7 35. Rxf8 Rxd7 36. Ra8 Rd2 37. Rxa7 Rxc2 
38. Rc7 b4 39. a6 Ra2 40. a7 Rxa7 
0-1

[Event "34th Chess Olympiad (men)"]
[Site "Istanbul"]
[Date "2000.11.08"]
[Round "11.22.1"]
[White "Karttunen, Mika"]
[Black "Movsesian, Sergei"]
[WhiteElo "2399"]
[BlackElo "2666"]
[WhiteCountry "FIN"]
[BlackCountry "CZE"]
[Result "1/2-1/2"]

1. d4 Nf6 2. c4 g6 3. Nc3 Bg7 4. e4 d6 5. Nf3 O-O 6. Be2 e5 7. O-O Nbd7 
8. Be3 Qe7 9. dxe5 dxe5 10. Nd5 Qd8 11. Nxf6+ Qxf6 12. c5 Qe7 13. c6 bxc6 
14. Qc2 c5 15. Nd2 f5 16. f3 f4 17. Bf2 g5 18. Nb3 Rf6 19. Nxc5 Nf8 
20. Rac1 Qe8 21. Rfd1 h5 22. Nd3 c6 23. Nb4 Bd7 24. Na6 Qc8 25. Nc5 Be8 
26. Qc3 Rg6 27. h3 Kh8 28. Qa5 Bf7 29. Ba6 Qe8 30. Bb7 Rb8 31. Qc7 Bg8 
32. Na6 Rxb7 33. Qxb7 g4 34. Nc7 Qf7 35. Kf1 gxf3 36. gxf3 Qxa2 37. Qb4 Qf7 
38. Qa5 Nd7 39. Qxa7 Nf6 40. Rc3 h4 41. Rd8 Bf8 42. Qa5 Be7 43. Rdd3 c5 
44. Nd5 Nxd5 45. Rxd5 Qe6 46. Ke2 Rg2 47. Rdxc5 Bxc5 48. Rxc5 Qxh3 
49. Qc3 Rxf2+ 50. Kxf2 Qh2+ 51. Ke1 Qg1+ 52. Ke2 Qg2+ 53. Ke1 Qg1+ 54. Ke2 Qg2+ 
55. Ke1 Qg1+ 56. Ke2 
1/2-1/2

[Event "34th Chess Olympiad (men)"]
[Site "Istanbul"]
[Date "2000.11.08"]
[Round "11.22.2"]
[White "Hracek, Zbynek"]
[Black "Kallio, Heikki"]
[WhiteElo "2612"]
[BlackElo "2451"]
[WhiteCountry "CZE"]
[BlackCountry "FIN"]
[Result "1/2-1/2"]

1. e4 e6 2. d4 d5 3. Nc3 Bb4 4. e5 Qd7 5. a3 Bxc3+ 6. bxc3 b6 7. h4 Ne7 
8. h5 h6 9. Qg4 Qc6 10. Rh3 Rg8 11. a4 Ba6 12. Bxa6 Nxa6 13. a5 Qc4 14. Qf4 b5 
15. Ne2 Kd7 16. Rf3 Raf8 17. Ba3 c5 18. dxc5 Qxf4 19. c6+ Nxc6 20. Rxf4 Nxe5 
21. Bxf8 Rxf8 22. Nd4 Nc7 23. a6 f5 24. Nf3 Nxf3+ 25. Rxf3 Rf7 26. Rb1 Kc6 
27. Rb4 Nxa6 28. Rg4 Nc7 29. Rg6 Kd6 30. Re3 a5 31. Kd2 Re7 32. Rf3 Rf7 
33. Re3 a4 34. Kc1 Re7 35. Rf3 Kd7 36. Kb2 Ne8 37. Ka3 Nf6 38. Kb4 Kd6 
39. Rh3 Rb7 40. Re3 d4 41. Re1 Nd5+ 42. Ka3 dxc3 43. Rexe6+ Kc5 44. Rc6+ Kd4 
45. Rg3 Ra7 46. Rd3+ Ke5 47. Rc5 b4+ 48. Ka2 Rd7 49. Ra5 b3+ 50. Kb1 Ke6 
51. Rxa4 b2 52. g3 Rd6 53. Ra7 Kf6 54. Ra5 Ke6 55. f3 Rd7 56. Ra6+ Kf7 
57. Ra5 Ke6 58. f4 Rd6 59. Raxd5 Rxd5 60. Rxc3 Rd2 61. Re3+ Kf6 62. Rd3 Rh2 
63. c4 Ke7 64. c5 Re2 65. Rd5 Ke6 66. Rd6+ Ke7 67. Rg6 Kd7 68. Rxg7+ Kc6 
69. Rg6+ Kxc5 70. Rxh6 Rh2 71. Rh8 Kd4 72. h6 Ke4 73. h7 Kf3 74. Ka2 Kf2 
75. Kb1 Kf3 76. Ka2 Kf2 
1/2-1/2

[Event "34th Chess Olympiad (men)"]
[Site "Istanbul"]
[Date "2000.11.08"]
[Round "11.22.3"]
[White "Holmsten, Aleksei"]
[Black "Oral, Tomas"]
[WhiteElo "2383"]
[BlackElo "2531"]
[WhiteCountry "FIN"]
[BlackCountry "CZE"]
[Result "1-0"]

1. e4 c5 2. Nf3 e6 3. d4 cxd4 4. Nxd4 a6 5. Bd3 Bc5 6. Nb3 Ba7 7. Qe2 Nc6 
8. Be3 Nge7 9. Nc3 d6 10. O-O b5 11. f4 Ng6 12. Rad1 Qe7 13. Rd2 O-O 
14. Kh1 Bxe3 15. Qxe3 Bb7 16. Ne2 Rfe8 17. c3 Rad8 18. Qb6 Rd7 19. Bc2 Qd8 
20. Qxd8 Rexd8 21. Rfd1 Bc8 22. g3 Kf8 23. Kg2 Ke7 24. Kf2 Bb7 25. Ke3 Rc7 
26. Ned4 Nxd4 27. Nxd4 Nf8 28. e5 Bd5 29. Nf5+ exf5 30. Rxd5 Rc6 31. Bxf5 g6 
32. Bg4 f5 33. Bf3 Ne6 34. Rxd6 Rcxd6 35. Rxd6 Rxd6 36. exd6+ Kxd6 37. b4 Nf8 
38. Bb7 Kc7 39. Bd5 Nd7 40. Kd4 Nf6 41. Bf3 Kd6 42. c4 bxc4 43. Kxc4 h6 
44. h4 Nd7 45. Kd4 Nf8 46. Bd5 Nh7 47. Bf7 g5 48. Bg6 gxf4 49. Bxh7 
1-0

[Event "34th Chess Olympiad (men)"]
[Site "Istanbul"]
[Date "2000.11.08"]
[Round "11.22.4"]
[White "Polak, Tomas"]
[Black "Nouro, Mikael"]
[WhiteElo "2499"]
[BlackElo "2397"]
[WhiteCountry "CZE"]
[BlackCountry "FIN"]
[Result "1/2-1/2"]

1. d4 Nf6 2. c4 d6 3. Nf3 g6 4. Nc3 Bg7 5. e4 O-O 6. Be2 Bg4 7. Bg5 c5 8. d5 a6 
9. O-O Nbd7 10. a4 Qa5 11. Ra3 Rfe8 12. h3 Bxf3 13. Bxf3 e6 14. Qc2 exd5 
15. exd5 h6 16. Bd2 Re7 17. Re1 Rxe1+ 18. Bxe1 Re8 19. Bd2 Qc7 20. a5 Nh7 
21. Bd1 Ndf6 22. Qc1 Ng5 23. Ba4 Re7 24. Bc2 Qd7 25. Ba4 Qd8 26. Bc2 Kh7 
27. Qb1 Qe8 28. Ba4 Qc8 29. Bc2 Qe8 30. Ba4 Qc8 31. Bc2 Qe8 32. Ba4 
1/2-1/2

[Event "34th Chess Olympiad (men)"]
[Site "Istanbul"]
[Date "2000.11.08"]
[Round "11.23.1"]
[White "Ghaem, Maghami Ehsan"]
[Black "Rowson, Jonathan"]
[WhiteElo "2488"]
[BlackElo "2494"]
[WhiteCountry "IRI"]
[BlackCountry "SCO"]
[Result "1/2-1/2"]

1. e4 c5 2. c3 d5 3. exd5 Qxd5 4. d4 Nf6 5. Nf3 Bg4 6. Be2 e6 7. Na3 a6 
8. Nc4 Bxf3 9. gxf3 Nbd7 10. Rg1 cxd4 11. Rg5 Qc6 12. Qxd4 h6 13. Rg1 Bc5 
14. Qh4 Rg8 15. Be3 O-O-O 16. O-O-O Nd5 17. Bxc5 Qxc5 18. Qd4 g5 19. Rge1 Kc7 
20. Bf1 Qxd4 21. Rxd4 Ne7 22. Red1 Nc6 23. R4d2 Nf6 24. Rxd8 Rxd8 25. Rxd8 Nxd8 
26. Kd2 Nc6 27. a4 a5 28. Bd3 b6 29. Be4 Nd7 
1/2-1/2

[Event "34th Chess Olympiad (men)"]
[Site "Istanbul"]
[Date "2000.11.08"]
[Round "11.23.2"]
[White "Motwani, Paul"]
[Black "Mahjoob, Morteza"]
[WhiteElo "2464"]
[BlackElo "2337"]
[WhiteCountry "SCO"]
[BlackCountry "IRI"]
[Result "1-0"]

1. e4 c5 2. Nf3 e6 3. g3 Nc6 4. Bg2 Nf6 5. d3 d5 6. Qe2 Be7 7. O-O O-O 
8. e5 Ne8 9. Bf4 b5 10. h4 b4 11. Nbd2 a5 12. Rfe1 Nc7 13. Nf1 Nb5 
14. N1h2 Ncd4 15. Qd2 a4 16. c4 bxc3 17. bxc3 Nxf3+ 18. Nxf3 Ba6 19. Qc2 Nc7 
20. d4 Qd7 21. dxc5 Bxc5 22. Rad1 Qe7 23. Ng5 g6 24. Nf3 Rfc8 25. Bg5 Qf8 
26. Qd2 Rab8 27. Bh6 Qe8 28. Nh2 Qe7 29. Ng4 Ne8 30. h5 a3 31. Bg5 Qa7 
32. Rb1 Bc4 33. Bh3 Rb2 34. Rxb2 axb2 35. Qxb2 Bd3 36. Qd2 Be4 37. Bg2 Bxg2 
38. Kxg2 Bf8 39. Rb1 Qa4 40. Qe2 Rc4 41. Nh6+ Bxh6 42. Bxh6 Qa8 43. Qb2 gxh5 
44. Qb7 Qxb7 45. Rxb7 Rc8 46. a4 f5 47. Re7 Nc7 48. a5 Kh8 49. f3 Kg8 
50. Kh3 Na6 51. Rxe6 Nc5 52. Rf6 Nd7 53. Rxf5 Rc6 54. Bd2 h4 55. g4 Kg7 
56. Kxh4 Kg6 57. Rh5 Kg7 58. e6 Rxe6 59. Rxd5 Ne5 60. Kg3 Nc4 61. Bf4 Ra6 
62. Rd4 Rc6 63. a6 
1-0

[Event "34th Chess Olympiad (men)"]
[Site "Istanbul"]
[Date "2000.11.08"]
[Round "11.23.3"]
[White "Mallahi, Amir"]
[Black "Mcnab, Colin A"]
[WhiteElo "2389"]
[BlackElo "2416"]
[WhiteCountry "IRI"]
[BlackCountry "SCO"]
[Result "1-0"]

1. e4 g6 2. d4 d6 3. Nc3 Bg7 4. Be3 Nf6 5. Qd2 c6 6. f3 Qa5 7. g4 h5 8. g5 Nfd7 
9. Nge2 O-O 10. Bg2 c5 11. f4 Nb6 12. b3 Bg4 13. h3 cxd4 14. Bxd4 Bxe2 
15. Nxe2 Qxd2+ 16. Kxd2 Bxd4 17. Nxd4 Nc6 18. Nxc6 bxc6 19. Rae1 a5 20. Rhf1 a4 
21. h4 Rfd8 22. Kc3 Ra7 23. e5 e6 24. exd6 Rxd6 25. Rd1 Nd5+ 26. Bxd5 cxd5 
27. Kd4 Rc6 28. c4 axb3 29. axb3 dxc4 30. bxc4 Ra3 31. Ra1 Rxa1 32. Rxa1 Kf8 
33. Ra8+ Ke7 34. Ra7+ Ke8 35. c5 Rc8 36. Kc4 Rb8 37. c6 Rb1 38. Kc5 Rd1 
39. Ra8+ Ke7 40. Ra7+ Ke8 41. Rb7 Rc1+ 42. Kb6 Rb1+ 43. Ka7 Rc1 44. c7 Kd7 
45. Kb8 
1-0

[Event "34th Chess Olympiad (men)"]
[Site "Istanbul"]
[Date "2000.11.08"]
[Round "11.23.4"]
[White "Mannion, Stephen R"]
[Black "Abbasifar, Hasan"]
[WhiteElo "2350"]
[BlackElo "2375"]
[WhiteCountry "SCO"]
[BlackCountry "IRI"]
[Result "1-0"]

1. e4 c5 2. Nf3 Nc6 3. d4 cxd4 4. Nxd4 g6 5. c4 Bg7 6. Be3 Nf6 7. Nc3 O-O 
8. Be2 d6 9. O-O a6 10. Qd2 Ng4 11. Bxg4 Bxg4 12. f3 Bd7 13. Rfd1 Rc8 
14. b3 Ne5 15. Rac1 Bc6 16. Nd5 Nd7 17. Kh1 Re8 18. Qf2 Nc5 19. Nxc6 Rxc6 
20. b4 Nd7 21. a4 Qc8 22. Qe2 e6 23. b5 axb5 24. axb5 Rc5 25. Nb4 Ne5 
26. f4 Nd7 27. e5 Bf8 28. Bxc5 Qxc5 29. Nd3 Qc7 30. exd6 Bxd6 31. g3 Bf8 
32. Qf3 Bg7 33. c5 Nf6 34. b6 Qc8 35. c6 Nd5 36. cxb7 Qxb7 37. Nb4 Qxb6 
38. Nxd5 exd5 39. Qxd5 Qf2 40. Rd2 Qe3 41. Rcd1 Bf8 42. Rd3 Qf2 43. Qf3 Qc2 
44. R3d2 Qc4 45. Rd7 Qc2 46. R7d2 Qc4 47. Rd8 Re2 48. Qa8 Kg7 49. Rxf8 Rxh2+ 
50. Kg1 Qc5+ 51. Rd4 Qxd4+ 52. Kxh2 Qd2+ 53. Kh3 Kh6 
1-0

[Event "34th Chess Olympiad (men)"]
[Site "Istanbul"]
[Date "2000.11.08"]
[Round "11.24.1"]
[White "Annageldyev, Orazly"]
[Black "Rohl, Juan"]
[WhiteElo "2491"]
[BlackElo "2350"]
[WhiteCountry "TKM"]
[BlackCountry "VEN"]
[Result "1/2-1/2"]

1. e4 c5 2. Nf3 d6 3. d4 cxd4 4. Nxd4 Nf6 5. Nc3 a6 6. Be2 e6 7. O-O Be7 
8. f4 Nc6 9. Be3 Qc7 10. Qe1 O-O 11. Qg3 Nxd4 12. Bxd4 b5 13. a3 Bb7 
14. Kh1 Bc6 15. Rae1 Rae8 16. e5 dxe5 17. Bxe5 Qb7 18. f5 Bd8 19. Bd6 Be7 
20. Be5 Bd8 21. Bd3 exf5 22. Rxf5 Re6 23. Ref1 Ne8 24. R5f2 Rh6 25. Bf4 Rh5 
26. Re2 Bh4 27. Qe3 Nf6 28. Qd2 h6 29. Re5 Rxe5 30. Bxe5 Ng4 31. Bf4 Re8 
32. h3 Ne5 33. Kh2 Nxd3 34. cxd3 Qd7 35. d4 Bf6 36. Rd1 Bd5 37. Qf2 Bb3 
38. Rd2 Qf5 39. Qg3 Kh7 40. Qd3 Qxd3 41. Rxd3 g5 42. Bc7 Bc4 43. Rd2 Rc8 
44. Bb6 Rb8 45. Bc5 Rd8 46. Ne4 Bg7 47. g4 Kg6 48. Nd6 Be6 49. Kg3 Rh8 
50. d5 Be5+ 51. Kf3 Bd7 52. Bd4 Bxd4 53. Rxd4 h5 54. Nb7 hxg4+ 55. hxg4 Rh3+ 
56. Kg2 Rb3 57. Nc5 Rxb2+ 58. Kf3 Bc8 59. d6 Rc2 60. d7 Bxd7 61. Nxd7 Rc3+ 
62. Ke4 Rxa3 63. Rd6+ Kg7 64. Kf5 b4 65. Ne5 Ra5 66. Rd7 Rb5 67. Rxf7+ Kg8 
68. Rc7 b3 69. Kg6 Kf8 70. Kf6 Kg8 71. Rg7+ Kf8 72. Nd7+ Ke8 73. Ke6 Kd8 
74. Kd6 Kc8 75. Ne5 Rxe5 76. Rg8+ Kb7 77. Rg7+ Kc8 78. Rg8+ Kb7 79. Rg7+ Kb6 
80. Kxe5 b2 81. Rg8 Ka7 82. Rg7+ Ka8 83. Rg8+ Kb7 84. Rg7+ Kc6 85. Rg6+ 
1/2-1/2

[Event "34th Chess Olympiad (men)"]
[Site "Istanbul"]
[Date "2000.11.08"]
[Round "11.24.2"]
[White "Alvarez, Johan"]
[Black "Ovezov, Artek"]
[WhiteElo "2317"]
[BlackElo "2366"]
[WhiteCountry "VEN"]
[BlackCountry "TKM"]
[Result "0-1"]

1. d4 Nf6 2. c4 e6 3. Nc3 Bb4 4. f3 d5 5. a3 Be7 6. e4 c5 7. e5 Nfd7 
8. cxd5 exd5 9. f4 Nb6 10. Nf3 c4 11. Be2 Nc6 12. Be3 Bf5 13. O-O Qd7 
14. Nd2 h6 15. Rf2 g5 16. fxg5 hxg5 17. Nf1 Be6 18. Ng3 O-O-O 19. Nf5 Kb8 
20. Qc2 Rdg8 21. Raf1 Bd8 22. Ng3 Nxe5 23. dxe5 d4 24. Bc1 dxc3 25. bxc3 Nd5 
26. Bxc4 Bb6 27. Ne4 Qc7 28. Nd6 f6 29. Qb3 Qh7 30. Rd1 Qxh2+ 31. Kf1 Qxe5 
0-1

[Event "34th Chess Olympiad (men)"]
[Site "Istanbul"]
[Date "2000.11.08"]
[Round "11.24.3"]
[White "Grigoryan, Karen"]
[Black "Sequera, Jose"]
[WhiteElo "2399"]
[BlackElo "2357"]
[WhiteCountry "TKM"]
[BlackCountry "VEN"]
[Result "0-1"]

1. Nf3 e6 2. g3 f5 3. Bg2 Nf6 4. O-O Be7 5. d3 O-O 6. Nc3 d6 7. e4 fxe4 
8. dxe4 e5 9. Nd5 Nxd5 10. Qxd5+ Kh8 11. Be3 Nd7 12. Qb3 Qe8 13. Ng5 Nc5 
14. Bxc5 Bxg5 15. Be3 Bxe3 16. Qxe3 Bd7 17. c4 b6 18. b4 a5 19. a3 Be6 
20. c5 dxc5 21. bxc5 b5 22. Rfd1 Qe7 23. Bf1 b4 24. Bb5 Rab8 25. Ba4 Bg4 
26. Rd5 Rf3 27. Qc1 Rc3 28. Qb2 Rxc5 29. axb4 Rxd5 30. exd5 axb4 31. Bc2 Bf3 
32. Re1 Bxd5 33. Rxe5 Qf6 34. Qd4 Bg8 35. g4 b3 36. Bb1 Rd8 37. Qe4 Rd1+ 
38. Kg2 Rxb1 39. Rf5 Qg6 40. Qxb1 Qxg4+ 41. Kf1 Bc4+ 
0-1

[Event "34th Chess Olympiad (men)"]
[Site "Istanbul"]
[Date "2000.11.08"]
[Round "11.24.4"]
[White "Ostos, Julio"]
[Black "Odeev, Handszar"]
[WhiteElo "2344"]
[BlackElo "2442"]
[WhiteCountry "VEN"]
[BlackCountry "TKM"]
[Result "0-1"]

1. e4 c5 2. Nf3 d6 3. Nc3 Nf6 4. d4 cxd4 5. Nxd4 a6 6. Bg5 e6 7. f4 Be7 
8. Qe2 h6 9. Bxf6 Bxf6 10. O-O-O Qc7 11. g4 Nc6 12. Nxc6 bxc6 13. Qd2 d5 
14. g5 hxg5 15. fxg5 Be5 16. Kb1 Rb8 17. b3 Qa5 18. Ne2 Qxd2 19. Rxd2 Rxh2 
20. Rxh2 Bxh2 21. exd5 cxd5 22. Rd4 Ke7 23. Rh4 Be5 24. Ng1 g6 25. Bd3 Bb7 
26. Rh7 Rg8 27. Nf3 Bg7 28. Nh2 Rh8 29. Rxg7 Kf8 30. Rxf7+ Kxf7 31. Ng4 Rh5 
32. Ne5+ Kg7 33. Nxg6 Rxg5 34. Nf4 Kf6 35. c4 d4 36. b4 Rg4 37. Ne2 e5 
0-1

[Event "34th Chess Olympiad (men)"]
[Site "Istanbul"]
[Date "2000.11.08"]
[Round "11.25.1"]
[White "Kozul, Zdenko"]
[Black "Baburin, Alexander"]
[WhiteElo "2611"]
[BlackElo "2590"]
[WhiteCountry "CRO"]
[BlackCountry "IRL"]
[Result "0-1"]

1. d4 d5 2. c4 dxc4 3. Nf3 a6 4. e3 e6 5. Bxc4 c5 6. O-O Nf6 7. Bb3 b5 8. a4 b4 
9. a5 Nc6 10. Nbd2 cxd4 11. Ba4 Bb7 12. Nc4 Qc7 13. Nb6 Rd8 14. exd4 Bc5 
15. Be3 O-O 16. Qc2 Bxb6 17. axb6 Qd6 18. Rfc1 Ne7 19. Qc7 Bxf3 20. gxf3 Nfd5 
21. Qc5 Qxb6 22. Bb3 Qb7 23. Bg5 Rc8 24. Qa5 Nf5 25. Bxd5 exd5 26. Rxc8 Rxc8 
27. Qxa6 Qxa6 28. Rxa6 Nxd4 29. Kg2 h6 30. Bd2 Rc6 31. Ra8+ Kh7 32. Bxb4 Rg6+ 
33. Kf1 Nxf3 34. Ke2 Nxh2 35. Bc5 Re6+ 36. Kd3 Ng4 37. Rd8 h5 38. Rxd5 Kg6 
39. Bd4 h4 40. f3 Nf6 41. Ra5 h3 42. Ra1 Nd5 43. Kc4 Ne3+ 44. Kc5 Nf5 
45. Rh1 Re8 46. Bc3 Rh8 47. Be5 f6 48. Bc7 Rh5 49. Kc4 Ne3+ 50. Kd4 Nd5 
51. Bd6 Kf7 52. Bg3 Ne7 53. Kd3 Nc6 54. Ke3 Ke6 55. Be1 Ne5 56. b3 g5 
57. Kf2 f5 58. Bc3 f4 59. Bxe5 Kxe5 60. Rd1 Rh6 61. Kg1 h2+ 62. Kg2 g4 
63. fxg4 h1=Q+ 
0-1

[Event "34th Chess Olympiad (men)"]
[Site "Istanbul"]
[Date "2000.11.08"]
[Round "11.25.2"]
[White "Heidenfeld, Mark"]
[Black "Morovic, Fernandez Ivan"]
[WhiteElo "2375"]
[BlackElo "2608"]
[WhiteCountry "IRL"]
[BlackCountry "CRO"]
[Result "0-1"]

1. e4 c5 2. Nf3 d6 3. d4 cxd4 4. Qxd4 Bd7 5. c4 Nc6 6. Qd2 g6 7. Nc3 Bg7 
8. b3 Nf6 9. Bb2 Bg4 10. Be2 O-O 11. h3 Bxf3 12. Bxf3 Qa5 13. O-O Nd7 
14. Rac1 a6 15. Rfd1 Rab8 16. Be2 Nc5 17. Bf1 Rfc8 18. Qc2 b5 19. Qb1 b4 
20. Nd5 Qd8 21. Bxg7 Kxg7 22. Re1 e5 23. Rcd1 Ne7 24. Ne3 Qb6 25. Rd2 Rd8 
26. Red1 a5 27. g3 a4 28. Nd5 Nxd5 29. cxd5 axb3 30. axb3 Ra8 31. Bc4 Ra3 
32. Kg2 Rda8 33. Re2 R8a5 34. h4 Qa7 35. Rdd2 Qd7 36. Rb2 Ra8 37. Qe1 Rb8 
38. f3 Qa7 39. f4 Nd7 40. Qc1 Ra1 41. Qe3 Qxe3 42. Rxe3 f6 43. Rf2 Rba8 
44. Ref3 R8a2 45. Rxa2 Rxa2+ 46. Rf2 Rxf2+ 47. Kxf2 Nc5 48. Kf3 h5 49. Ke3 Kf8 
50. f5 Kg7 51. fxg6 Kxg6 52. Kf3 f5 53. exf5+ Kxf5 54. Kf2 Ne4+ 55. Kg2 Nf6 
56. Be2 e4 57. Kf2 Ke5 58. g4 Nxg4+ 59. Bxg4 hxg4 
0-1

[Event "34th Chess Olympiad (men)"]
[Site "Istanbul"]
[Date "2000.11.08"]
[Round "11.25.3"]
[White "Cvitan, Ognjen"]
[Black "Daly, Colm"]
[WhiteElo "2541"]
[BlackElo "2357"]
[WhiteCountry "CRO"]
[BlackCountry "IRL"]
[Result "1-0"]

1. d4 Nf6 2. c4 e6 3. Nf3 Bb4+ 4. Bd2 Qe7 5. g3 Bxd2+ 6. Qxd2 d5 7. Bg2 O-O 
8. O-O Rd8 9. Qc2 Na6 10. Nbd2 c5 11. cxd5 Nxd5 12. dxc5 Nxc5 13. Ne5 Bd7 
14. Nxd7 Rxd7 15. Rac1 Rc7 16. Bxd5 exd5 17. Nf3 h6 18. Qd2 Rd8 19. Nd4 a6 
20. Qa5 Rdc8 21. e3 Qd7 22. Rfd1 Ne4 23. Rxc7 Rxc7 24. Qe1 g6 25. Qe2 Qc8 
26. Kg2 h5 27. h4 Rc4 28. Qf3 Qg4 29. Qxg4 hxg4 30. f3 Nf6 31. fxg4 Nxg4 
32. Kf3 Ne5+ 33. Kf4 Nc6 34. b3 Rb4 35. Rd3 Kf8 36. a3 Rb6 37. Nxc6 bxc6 
38. g4 Ke7 39. e4 Ke6 40. exd5+ cxd5 41. h5 gxh5 42. gxh5 Kf6 43. Rg3 Re6 
44. Re3 Rd6 45. Rd3 Rd8 46. b4 Rd7 47. Rd1 Rd8 48. Rd2 Rd7 49. Rh2 Kg7 
50. Ke5 d4 51. Rd2 d3 52. Ke4 Kh6 53. Rxd3 f5+ 54. Ke3 f4+ 55. Ke4 Rxd3 
56. Kxd3 Kxh5 57. a4 Kg4 58. b5 axb5 59. a5 b4 60. a6 b3 61. a7 b2 62. Kc2 f3 
63. a8=Q Kg3 64. Kxb2 f2 65. Qh1 Kf4 66. Kc2 Ke3 67. Qh3+ 
1-0

[Event "34th Chess Olympiad (men)"]
[Site "Istanbul"]
[Date "2000.11.08"]
[Round "11.25.4"]
[White "Collins, Sam"]
[Black "Sulava, Nenad"]
[WhiteElo "2172"]
[BlackElo "2549"]
[WhiteCountry "IRL"]
[BlackCountry "CRO"]
[Result "0-1"]

1. e4 c5 2. Nf3 e6 3. d4 cxd4 4. Nxd4 a6 5. Bd3 Bc5 6. Nb3 Ba7 7. Nc3 Nc6 
8. Qe2 d6 9. Be3 b5 10. O-O-O Nge7 11. f4 b4 12. Na4 Bd7 13. e5 Nd5 
14. Bxa7 Nxa7 15. exd6 Bxa4 16. Nc5 Bc6 17. Nxe6 fxe6 18. Qxe6+ Kf8 19. Bc4 Qf6 
20. Bxd5 Qxe6 21. Bxe6 Bxg2 22. Rhg1 Bc6 23. Rd4 Rd8 24. f5 Nb5 25. Rdg4 Rxd6 
26. Rg5 g6 27. Rxg6 Nd4 28. Rg7 Ke8 29. Rf7 Kd8 30. Re1 Re8 31. Bc4 Re2 
32. Rxe2 Be8 33. Rxh7 Nxf5 34. Ra7 Ne3 35. Bd3 Bb5 36. b3 Bxd3 37. cxd3 Rc6+ 
38. Kb1 Nd5 39. Rh7 Nc3+ 40. Kb2 Rf6 41. h4 Rf5 42. Rf2 Rxf2+ 43. Kc1 Nxa2+ 
44. Kb1 Nc3+ 45. Kc1 a5 46. h5 a4 47. bxa4 b3 48. Rb7 Rc2# 
0-1